| 000 | 00465nam a2200193Ia 4500 | ||
|---|---|---|---|
| 005 | 20250425160942.0 | ||
| 008 | 250425s9999 xx 000 0 und d | ||
| 041 | _aeng | ||
| 082 | _a551.49 | ||
| 100 | _aNEFEDOV, K. E. | ||
| 245 | 0 | _aDECIPHERING OF GROUNDWATER FROM AERIAL PHOTOGRAPHS | |
| 250 | _aS.E. | ||
| 260 |
_aIndia _bAMERIND PUBLISHING _c1972 |
||
| 260 | _aNEW DELHI | ||
| 300 | _a291 | ||
| 700 | _aPOPOVA, T. A. | ||
| 942 | _c01 | ||
| 010 | _a9155 | ||
| 999 |
_c199532 _d199532 |
||